| 000 | 005460000a22001930004500 | ||
|---|---|---|---|
| 001 | 001864 | ||
| 003 | MACL | ||
| 005 | 20150823120757.0 | ||
| 008 | 150823b xxu||||| |||| 00| 0 eng d | ||
| 040 |
_aMACL _cMACL |
||
| 041 | _aEnglish | ||
| 082 | _a621.381/PRA | ||
| 100 |
_aParkash, Chander _96950 |
||
| 245 |
_aComputers in Library and Information Science _bNeed and Imoprtance for Next Millenium _cChander Parkash |
||
| 260 |
_aNew Delhi _c2000 _bZee Publications, |
||
| 350 | _a250 | ||
| 650 |
_aComputer Science _916 |
||
| 942 |
_k621 _cBK _2ddc |
||
| 999 |
_c13780 _d13780 |
||